Species of cats - Statistics

General Stats
  • This quiz has been taken 373 times
  • The average score is 19 of 41
Answer Stats
Species % Correct
Cougar
98%
Lion
98%
Tiger
96%
Leopard
94%
Jaguar
90%
Cheetah
81%
Caracal
77%
Bobcat
76%
Snow leopard
74%
Ocelot
68%
{Canadian} lynx
62%
Serval
61%
{Eurasian} lynx
57%
Clouded leopard
52%
Domestic cat
52%
{Iberian} lynx
52%
{Fishing} cat
49%
Jaguarundi
49%
{Sand} cat
48%
{Pallas's} cat
41%
African wildcat
39%
{Jungle} cat
37%
Margay
37%
{Black-footed} cat
35%
Sunda clouded leopard
35%
Leopard cat
34%
European wildcat
33%
{Pampas} cat
29%
{Bay} cat
27%
{Rusty-spotted} cat
27%
{African golden} cat
25%
{Asian golden} cat
25%
Kodkod
25%
Oncilla
23%
{Andean mountain} cat
22%
{Flat-headed} cat
22%
{Geoffroy's} cat
22%
{Chinese mountain} cat
20%
{Marbled} cat
20%
{Sunda leopard} cat
19%
{Southern tiger} cat
15%
No matching quizzes found
Score Distribution
Percent of People with Each Score
Percentile by Number Answered
Your Score History
You have not taken this quiz